000 00769cam a2200253 a 4500
001 000020127
005 20200929170258.0
008 860115s1968 sp 001 d spa d
040 _aDO-SdBNP
_cTxBeaL
_dDLC
_dBNPHU
082 _a862.3
_bV422pe, 1968
100 1 _aVega, Lope de,
_d1562-1635
_93084
245 1 3 _aEl perro del hortelano /
_cLope de Vega.
250 _a4a ed.
260 _aMadrid :
_bEspasa-Calpe,
_c1968.
300 _a158 p. ;
_c18 cm.
490 1 _aAustral. Violeta : teatro y poesía
_v354
500 _aIncluye índice de autores
650 4 _aTeatro español
_93071
650 4 _aLiteratura española
_9632
740 3 _aEl arenal de Sevilla
830 0 _aAustral.
_pVioleta: teatro y poesía;
_v254
_939559
910 _aWM
049 _aBNGR
999 _c19635
_d19635